000 01020nas0a22002891i 4500
001 RU\NLR\DRGNLR\3386
005 20240725031209.0
035 _a(NLR Aleph) 010311958
090 _a10640268
_c10640268
100 _a20080514b1912 u y0rusy50 ca
101 0 _arus
102 _aRU
110 _acya||||||||
200 1 _aОренбургское эхо
_eЕженед. обществ.-лит. и полит. газ.
_fРед. П.Е.Галицинский
210 _aОренбург
_d1912, 26 нояб - дек
_cА.И.Бабкин
540 1 _aОренбургское эхо
702 1 _aГалицинский
_bПав. Евг.
_4340
702 1 _aБабкин
_bАл-др Ив.
_4650
801 0 _aRU
_bNLR
_c20080514
_gPSBO
_2gzdor_isis
801 2 _aRU
_bNLR
_c20080514
_gPSBO
_2rusmarc
852 _aNLR
_j1-Р/1-891
942 _cNEWSPAPER
980 _aDRG